Paediatrics : (Record no. 117142)

MARC details
000 -LEADER
fixed length control field 00736cam a2200253 a 4500
008 - FIXED-LENGTH DATA ELEMENTS--GENERAL INFORMATION
fixed length control field
020 ## - INTERNATIONAL STANDARD BOOK NUMBER
International Standard Book Number 044307495X (pbk.)
049 ## - LOCAL HOLDINGS (OCLC)
Holding library MAIN
090 ## - LOCALLY ASSIGNED LC-TYPE CALL NUMBER (OCLC); LOCAL CALL NUMBER (RLIN)
Classification number (OCLC) (R) ; Classification number, CALL (RLIN) (NR) RJ45
Local cutter number (OCLC) ; Book number/undivided call number, CALL (RLIN) ATT
003 - CONTROL NUMBER IDENTIFIER
control field
005 - DATE AND TIME OF LATEST TRANSACTION
control field 20260415142820.0
040 ## - CATALOGING SOURCE
Transcribing agency NUST
100 1# - MAIN ENTRY--PERSONAL NAME
Personal name Attard-Montalto, Simon.
245 10 - TITLE STATEMENT
Title Paediatrics :
Remainder of title core text with self assessment /
Statement of responsibility, etc. Simon Attard-Montalto, Vaskar Saha.
250 ## - EDITION STATEMENT
Edition statement 2nd ed.
260 ## - PUBLICATION, DISTRIBUTION, ETC.
Place of publication, distribution, etc. Edinburgh :
Name of publisher, distributor, etc. Elsevier Churchill Livingstone,
Date of publication, distribution, etc. 2006.
300 ## - PHYSICAL DESCRIPTION
Extent 315 p. :
Other physical details ill. ;
Dimensions 27 cm.
440 #0 - SERIES STATEMENT/ADDED ENTRY--TITLE
Title Master medicine
500 ## - GENERAL NOTE
General note Includes index.
650 #0 - SUBJECT ADDED ENTRY--TOPICAL TERM
Topical term or geographic name entry element Pediatrics.
700 1# - ADDED ENTRY--PERSONAL NAME
Personal name Saha, Vaskar.
907 ## - LOCAL DATA ELEMENT G, LDG (RLIN)
a .b10316681
b 05-02-13
c 24-08-12
942 ## - ADDED ENTRY ELEMENTS (KOHA)
Koha item type Ordinary Loan Books
Call number prefix RJ45
Call number suffix ATT
Koha issues (borrowed), all copies 2
Holdings
Date last seen Total Checkouts Full call number Barcode Date due Date last checked out Cost, replacement price Price effective from Koha item type Lost status Source of classification or shelving scheme Damaged status Not for loan Collection Withdrawn status Home library Current library Shelving location Date acquired Cost, normal purchase price
04/15/2026 15 RJ45 ATT 92004023124 05/06/2026 04/15/2026 80.00 01/20/2023 BOOKS   LCC     NFIC   Medical MAIN GEN 01/20/2023 80.00